Institut del Teatre : el centre superior de les arts escèniques / [fotografies: Jordi Belver i Lluís San Andrés] el centre superior de les arts escèniques / [fotografies:
Descripción Física:
[9] p. : fot. col. ; 21 cm
MARC
| LEADER | 00000nam a2200000Ia 4500 | ||
|---|---|---|---|
| 001 | 22162 | ||
| 008 | 160829s2009 xx 000 0 cat d | ||
| 080 | |a FU-49-72 | ||
| 245 | |a Institut del Teatre : |b el centre superior de les arts escèniques / [fotografies: |b Jordi Belver i Lluís San Andrés] | ||
| 260 | |a Barcelona : |b Diputació de Barcelona. Institut del Teatre, |c 2009 | ||
| 300 | |a [9] p. : |b fot. col. ; |c 21 cm | ||
| 610 | 1 | 0 | |a Institut del Teatre (Barcelona, Catalunya) |9 52662 |
| 700 | 1 | |a Belver, Jordi |e fotografies |9 27084 | |
| 700 | |a San Andrés, Lluís, fot. |9 39544 |e fotografies | ||
| 710 | 1 | |a Institut del Teatre (Barcelona, Catalunya) |9 52662 | |
| 710 | 1 | |a Barcelona (Catalunya : Província). |b Diputació |9 52408 | |
| 901 | |a Arxiu | ||
| 942 | |n 1 |2 udc | ||
| 952 | |0 0 |1 0 |4 0 |6 FU4972 |7 1 |9 49070 |a Arxiu |b Arxiu |d 2016-12-01 |l 0 |o FU-49-72 |p 22162 |r 2016-12-01 00:00:00 |w 2016-12-01 |y ARXIU | ||
| 999 | |c 52907 |d 52907 | ||